| 000 | 00767nam a22002055i 4500 | ||
|---|---|---|---|
| 001 | 160345 | ||
| 003 | ES-MaACL | ||
| 005 | 20250728103910.0 | ||
| 008 | 011023s1879 fr |||| | fre d | ||
| 040 |
_aCAM _bspa _cCAM |
||
| 100 | 0 |
_aMüller, Friedrich Max. _984122 |
|
| 245 | 1 | 0 |
_aEssais sur l'histoire des religions / _cpar Max Müller: ouvrage traduit de l'anglais avec l'autorisation de l'auteur par George Harris. |
| 250 | _a3e éd. | ||
| 260 |
_aParis : _bDidier et c\pie\s libraires-éditeurs, _c1879 ( _fTypographie A. Lahure) |
||
| 300 |
_aXL, 524 p. ; _c19 cm. |
||
| 650 | 7 |
_aReligión- _xHistoria _2 _9136820 |
|
| 700 | 1 | 1 |
_aHarris, George, _etrad. _9127793 |
| 852 |
_aES-MaACL _jF-10566 _z-- Enc. pasta española |
||
| 999 |
_c160345 _d160345 |
||